| 000 | 06059nam a2200493 a 4500 | ||
|---|---|---|---|
| 003 | BLK | ||
| 005 | 20250220124709.0 | ||
| 008 | 180911b bul|||||r ||||||| ||bul|| | ||
| 010 | _a001900 | ||
| 040 | _aBLK | ||
| 041 |
_aBUL _cBUL |
||
| 080 |
_aБългарска литература _b821.163.2 _x(092) _z821.163.2(092) |
||
| 080 |
_aБългарски писател, адвокат и общественик (1863-1897) _b929 Константинов, Алеко Иваницов _z929 Константинов, Алеко Иваницов |
||
| 100 |
_aПенев, Боян _eпърви автор _9396852 _d1882 – 1927 _qНиколов, Боян Пенев |
||
| 139 | _aПенев, Боян | ||
| 245 | 0 | 0 |
_aАлеко Константинов _bБиография _cБоян Пенев |
| 260 |
_aСофия _c1937 _fАБВ |
||
| 300 |
_a58 с. _b1 л. портр. _c21 см |
||
| 380 | _a82 | ||
| 490 |
_aЧастна колекция - Академик Михаил Арнаудов _gДарение - Основен фонд |
||
| 500 | _aМихаил Арнаудов: негови-книга, негови-изрезка. - Подчертавания и бележки в текста. Статия за Петко Ю. Тодоров : в. Демократически сговор (инв. № 587480). | ||
| 500 | _aАвтограф с текст: На Гн Проф. М. Арнаудов от Дора Габе 1937 (инв.№ 587480) | ||
| 520 | _a | ||
| 600 | 1 | 4 |
_aКонстантинов, Алеко Иваницов _d1863 - 1897 _981998 |
| 650 |
_aПисатели _9166332 |
||
| 650 |
_aБиографии _9148657 |
||
| 650 |
_aКритика _9159735 |
||
| 650 | 0 |
_aПисатели, български _9241944 |
|
| 655 | _aбългарско литературознание | ||
| 762 |
_9409507 _aПослания на времето _bАкад. Михаил Арнаудов - послания и дарствени слова _gАкадемик Михаил Арнаудов е личност със значимо присъствие в българската култура и принос в областта на науката, литературата, фолклора, историята на българското Възраждане, социологията, философията и народопсихологията. Цялото документално и библиотечно наследство на родения в Русе виден учен е национално богатство от изключително значение. Единствено Регионална библиотека „Любен Каравелов“ – Русе притежава колекция от над 1500 книги от личната библиотека на Михаил Арнаудов с автографи, послания и дарствени надписи от български и чужди знакови личности. Зад всеки автограф се крие историята на взаимоотношенията между Академика и неговите съвременници. Тези автографи са неизвестни и неизследвани страници от българското културно наследство. _m1 _nТекст: На Гн Проф. М. Арнаудов от Дора Габе 1937 _tАвтограф от Дора Габе |
||
| 763 | 1 |
_9221990 _aГабе, Дора _d16.08.1888 – 16.11.1983 _gДора Габе е псевдоним на Изидора Пейсах – българска поетеса от еврейски произход. Завършва френска литература в Женева и Гренобъл. Творчески дебют са стихотворните ѝ цикли, поместени в списанията „Мисъл“, „Демократически преглед“ и „Ново общество“ през 1905 – 1906 г. Първата ѝ стихосбирка „Теменуги“ излиза през 1908 г. След Първата световна война редовно сътрудничи на сп. „Златорог“. От началото на второто десетилетие до края на 30-те години на ХХ век публикува поезия за възрастни и деца, пътеписи, разкази, есеистична проза, импресии, отзиви за театрални статии по въпроси на чуждестранната и българската литература, спомени за поети и писатели в списанията „Съвременна мисъл“, „Листопад“, „Добруджански преглед“, „Изкуство и критика“, във вестниците „Слово“, „Вестник на жената“, „Свободна реч“, „Мисъл“, „Съвременник“ и др. Дора Габе разгръща дарованието си в областта на детската литература. Дебютира в „Златна книга на нашите деца“ на Александър Божинов през 1921 г. Книгите ѝ за деца от 20-те до 60-те години принадлежат към класиката на детското литературно наследство. Дора Габе активно превежда от полски, чешки, руски, френски и гръцки език. _i409507 _m1 _qДора Габе |
|
| 852 |
_aМА 512 _bМА |
||
| 852 |
_aЦб 8.205.7538 _bЦб |
||
| 942 |
_cKNG _n0 _s1 _01 |
||
| 944 |
_aCR _c1995 _k30546 _lРенета Константинова |
||
| 999 |
_c342261 _d342261 |
||
| 999 | _d342261 | ||
| 999 | _d342261 | ||
| 999 | _d342261 | ||
| 999 | _d342261 | ||
| 999 | _d342261 | ||
| 999 | _d342261 | ||
| 999 | _d342261 | ||
| 999 | _d342261 | ||